| 000 | 00675cam a2200205 a 4500 | ||
|---|---|---|---|
| 003 | OSt | ||
| 005 | 20260423114206.0 | ||
| 008 | 080618s2008 ii ab b 000 0 eng | ||
| 020 | _a8188789593 | ||
| 040 |
_cHDL _beng |
||
| 082 | _a294.535 P8 | ||
| 245 | 0 | 0 |
_aDemolishing myths or mosques and temples? : _breadings on history and temple desecration in medieval India / _cedited with an introduction by Sunil Kumar. |
| 250 | _a1st ed. | ||
| 260 |
_aGurgaon : _bThree Essays Collective, _c2008. |
||
| 300 | _a182 p. | ||
| 650 | 0 |
_aHindu temples _zIndia _xHistory. _91235475 |
|
| 700 | 1 |
_aKumar, Sunil, _d1956-2021. _91235476 |
|
| 942 |
_2CC _cTEXL _n0 |
||
| 999 |
_c1848406 _d1848406 |
||